| 000 | 00389nam a22001457a 4500 | ||
|---|---|---|---|
| 999 |
_c4514 _d4514 |
||
| 003 | GBCCL | ||
| 005 | 20241126110520.0 | ||
| 008 | 180123b xxu||||| |||| 00| 0 eng d | ||
| 040 | _cgbc | ||
| 100 |
_aAckland, Donald F. _96696 |
||
| 245 |
_aStudies in Deutoronomy / _cDonald F. Ackland |
||
| 260 |
_aNashville: _bConvention Press, _c1964 |
||
| 300 |
_a149 p.; _bill., _c20 cm. |
||
| 942 |
_2ddc _cBK |
||